书目信息 |
| 题名: |
电机技术
|
|
| 作者: | 阎伟 主编 | |
| 分册: | ||
| 出版信息: | 济南 山东科学技术出版社 2005.08 |
|
| 页数: | 279页 | |
| 开本: | 26cm | |
| 丛书名: | ||
| 单 册: | ||
| 中图分类: | TM3 | |
| 科图分类: | ||
| 主题词: | 电机--dian ji--高等学校--技术学校--教材 | |
| 电子资源: | ||
| ISBN: | 7-5331-4093-1 | |
| 000 | 00878nam0 2200229 450 | |
| 001 | 012006619225 | |
| 005 | 20060626151402.29 | |
| 010 | @a7-5331-4093-1@dCNY30.00 | |
| 100 | @a20060611d2005 km y0chiy0120 ea | |
| 101 | 0 | @achi |
| 102 | @aCN@b370000 | |
| 105 | @aa z 000yy | |
| 200 | 1 | @a电机技术@Adian ji ji shu@f阎伟主编@Fyan wei zhu bian |
| 210 | @a济南@c山东科学技术出版社@d2005.08 | |
| 215 | @a279页@c图@d26cm | |
| 300 | @a全国高职高专一体化教学(电气专业)通用教材 | |
| 330 | @a本书共分四篇6章,第一篇变压器篇讲述的是电力变压器和特殊变压器的知识;第二篇交流电机篇介绍了异步电机和同步电机的结构与原理;第三篇直流电机篇主要介绍直流电机的工作原理及结构;第四篇微特电机篇讲述的是微特电机的用途与分类。 | |
| 606 | 0 | @a电机@Adian ji@x高等学校@x技术学校@j教材 |
| 690 | @aTM3@v4 | |
| 701 | 0 | @a阎伟@Ayan wei@4主编 |
| 801 | 0 | @aCN@bQSSK@c20060626 |
| 905 | @a10447@dTM3@eY098 | |
| 电机技术/阎伟主编.-济南:山东科学技术出版社,2005.08 |
| 279页:图;26cm |
| 全国高职高专一体化教学(电气专业)通用教材 |
| ISBN 7-5331-4093-1:CNY30.00 |
| 本书共分四篇6章,第一篇变压器篇讲述的是电力变压器和特殊变压器的知识;第二篇交流电机篇介绍了异步电机和同步电机的结构与原理;第三篇直流电机篇主要介绍直流电机的工作原理及结构;第四篇微特电机篇讲述的是微特电机的用途与分类。 |
| ● |
| 相关链接 |
|
|
|
正题名:电机技术
索取号:TM3/Y098
 
预约/预借
| 序号 | 登录号 | 条形码 | 馆藏地/架位号 | 状态 | 备注 |
| 1 | 586050 | 205860503 | 自科库301/301自科库 10排4列2层/ [索取号:TM3/Y098] | 在馆 | |
| 2 | 586051 | 205860512 | 自科二线404/404自科库 19排4列2层/ [索取号:TM3/Y098] | 在馆 | |
| 3 | 586052 | 205860521 | 自科库301/301自科库 10排4列2层/ [索取号:TM3/Y098] | 在馆 |